000
00290nam a2200109Ia 4500
008
200302s9999 xx 000 0 und d
100
_a
Arif Hasan
245
_a
Housing for the Poor Failure of Formal Sector Strategies
260
_b
City Press Publication
260
_c
2000
300
_a
368 P.,
999
_c
5659
_d
5659